00337nam a22001217a 4500008004100000020001500041082001300056100002400069245005100093250001900144260003800163300001400201230602b xxu||||| |||| 00| 0 eng d a0421710306 a323bWAL cRebecca M.M.Wallace aInternational Human RightsbText and Materials aSecond edition aLondonbSweet & Maxwell Ltdc2001 a741 pages